000 00939cam a2200253 a 4500
001 000023817
005 20200930022504.0
008 060628s1970 pr a 000 | spa
020 _a0865814252
040 _aDO-SdBNP
_bspa
_cBNPHU
082 _a390.097295
_bA454g, 1970
100 1 _aAlonso, Manuel A.
_q(Manuel Antonio),
_d1822-1889.
_934534
245 1 3 _aEl gibaro :
_bCuadro de costumbres de la isla de Puerto Rico /
_cManuel A. Alonso.
260 _aSan Juan (Puerto Rico) :
_bInstituto de Cultura Puertorriqueña,
_c1970.
300 _a204 ;
_c20 cm.
490 1 _aBiblioteca popular
500 _aEdición fascimilar
500 _aOn t.-p. of v. 1: Publicado por primera vez en Barcelona en el año de 1849.
651 4 _aPuerto Rico
_xVida Social Y Costumbres
_99074
651 4 _aPuerto Rico
_xCivilización
_913570
651 4 _aPuerto Rico
_xAspectos Sociales
_934535
830 0 _aBiblioteca popular
_95059
049 _aBNGR
999 _c23313
_d23313